Etelä-Karjalan kuntien vaakunat 2025 (keltainen laatikko) - Statistics

Yleistilastot
  • Tätä visaa on pelattu 124 kertaa
    118 viimeisimmän päivityksen jälkeen
  • Keskiarvotulos 8 / 9
Vastaustilastot
Kuvavisa Vastaus % Oikein
Lappeenranta
100%
Imatra
95%
Ruokolahti
93%
Parikkala
84%
Savitaipale
84%
Lemi
82%
Rautjärvi
78%
Luumäki
76%
Taipalsaari
76%
Ehtoja vastaavia visoja ei löytynyt
Tulosjakauma
Jokaisen tuloksen saaneiden osuus
Persentiili vastausten määrän mukaan
Tuloshistoriasi
Et ole pelannut tätä visaa sen viimeisimmän päivityksen jälkeen